Norwich City International Players #5 (RoW) - Statistics

General Stats
  • This quiz has been taken 6 times
  • The average score is 10 of 20
Answer Stats
Picture Hint Answer % Correct
Argentina Emiliano Buendía
100%
USA Josh Sargent
100%
Panama José Córdoba
83%
Chile Marcelino Núñez
83%
Cuba Onel Hernández
83%
D.R.Congo Dieumerci Mbokani
67%
Cameroon Sébastien Bassong
67%
Canada Simeon Jackson
67%
Ghana Forson Amankwah
50%
Morocco Youssef Safri
50%
D.R. Congo Youssouf Mulumbu
50%
Argentina Jonás Gutiérrez
33%
Nigeria Joseph Yobo
33%
Sierra Leone Kei Kamara
33%
South Africa Matty Pattison
33%
Australia David Carney
17%
Nigeria Dickson Etuhu
17%
Canada Jim Brennan
17%
Jamaica Kevin Lisbie
17%
New Zealand Chris Killen
0%
No matching quizzes found
Score Distribution
Percent of People with Each Score
Percentile by Number Answered
Your Score History
You have not taken this quiz